Grammar reference: systematic and functional system of writing Russian grammar (2nd edition)) (Record no. 44885)
[ view plain ]
| 000 -LEADER | |
|---|---|
| fixed length control field | 00606nam a2200157 a 4500 |
| 008 - FIXED-LENGTH DATA ELEMENTS--GENERAL INFORMATION | |
| fixed length control field | 210303s2012 ||||||||||||||||| || u |
| 020 ## - INTERNATIONAL STANDARD BOOK NUMBER | |
| International Standard Book Number | 9785865475637 |
| 050 ## - LIBRARY OF CONGRESS CALL NUMBER | |
| Classification number | PG 2900 Max |
| 100 ## - MAIN ENTRY--PERSONAL NAME | |
| Personal name | Maximov, V.I |
| 245 10 - TITLE STATEMENT | |
| Title | Grammar reference: systematic and functional system of writing Russian grammar (2nd edition)) |
| Statement of responsibility, etc. | V.I Maximov |
| 250 ## - EDITION STATEMENT | |
| Edition statement | 2nd edition |
| 260 ## - PUBLICATION, DISTRIBUTION, ETC. | |
| Place of publication, distribution, etc. | St. Petersburg |
| Date of publication, distribution, etc. | 2012 |
| 300 ## - PHYSICAL DESCRIPTION | |
| Extent | 218 pages |
| 650 ## - SUBJECT ADDED ENTRY--TOPICAL TERM | |
| Topical term or geographic name entry element | RUSSIAN LITERATURE |
| 995 ## - RECOMMENDATION 995 [LOCAL, UNIMARC FRANCE] | |
| -- | CBU-MAIN LIBRARY (Kitwe) |
| -- | 1 |
| -- | AVAILABLE |
| -- | Mar 3, 2021 |
| -- | Main Library Open Access Collection |
| Withdrawn status | Lost status | Source of classification or shelving scheme | Damaged status | Not for loan | Home library | Current library | Shelving location | Date acquired | Total Checkouts | Full call number | Barcode | Date last seen | Price effective from | Koha item type |
|---|---|---|---|---|---|---|---|---|---|---|---|---|---|---|
| CBU-MAIN LIBRARY, KITWE. | CBU-MAIN LIBRARY, KITWE. | 11/30/2022 | PG 2900 Max | 750884 | 11/30/2022 | 11/30/2022 | MONOGRAPH |